000 00546nam a2200241Ia 4500
008 210210b1951 xxu||||| |||| 00| 0 eng d
041 _aeng
082 _a960/108
100 _a-
245 _aIAS European history 1789-1878 from 1951 to date
260 _aNew Delhi
_bCareers Institute Regd.
_c1951
300 _a10
650 _ato
650 _aIAS
650 _ahistory
650 _afrom
650 _aEuropean
650 _adate
650 _a1951
650 _a1789-1878
690 _aGeneral Knowledge
906 _a002391
999 _c121861
_d121861